[Event "Holguin Regional-ch sf"]
[Site "Holguin"]
[Date "2023.10.14"]
[Round "5"]
[White "Leyva Almaguer, Orlando"]
[Black "Gomez Torres, Richard Daniel"]
[Result "1-0"]
[WhiteElo "2120"]
[BlackElo "2200"]
[PlyCount "69"]
[EventDate "2023.10.11"]
[EventType "swiss"]
[EventRounds "7"]
[EventCountry "CUB"]
[SourceTitle "CBM 216 Extra"]
[Source "ChessBase"]
[SourceDate "2023.11.30"]
[SourceVersion "1"]
[SourceVersionDate "2023.11.30"]
[SourceQuality "1"]

1. e4 e6 2. d4 d5 3. Nc3 dxe4 4. Nxe4 Bd7 5. Nf3 Bc6 6. Neg5 Be7 7. Nxf7 Kxf7 8. Ne5+ Kf8 9. Qh5 Qe8 10. Qh3 Nd7 11. Bd3 Nxe5 12. dxe5 Qf7 13. 0-0 g6 14. Be3 Kg7 15. Rae1 h5 16. Bc4 Bd7 17. Rd1 Bc8 18. Bd3 Nh6 19. Bxh6+ Rxh6 20. Qe3 Qf8 21. Qe4 Bc5 22. Qc4 Qe7 23. Be4 Bb6 24. b4 a6 25. Rd2 Qg5 26. Qc3 Rh8 27. Kh1 a5 28. b5 Rd8 29. f4 Qe7 30. Rxd8 Qxd8 31. Qg3 Qe8 32. Rd1 c6 33. Qg5 Qf7 34. Rd3 Bd7 35. Bxg6 1-0

[Event "Holguin Regional-ch sf"]
[Site "Holguin"]
[Date "2023.10.12"]
[Round "2"]
[White "Gomez Torres, Richard Daniel"]
[Black "Escobar Galban, Daniel"]
[Result "1-0"]
[WhiteElo "2200"]
[BlackElo "1715"]
[PlyCount "76"]
[EventDate "2023.10.11"]
[EventType "swiss"]
[EventRounds "7"]
[EventCountry "CUB"]
[SourceTitle "CBM 216 Extra"]
[Source "ChessBase"]
[SourceDate "2023.11.30"]
[SourceVersion "1"]
[SourceVersionDate "2023.11.30"]
[SourceQuality "1"]

1. d4 Nf6 2. Nf3 d5 3. c4 c6 4. e3 Bf5 5. Qb3 Qc7 6. cxd5 cxd5 7. Nc3 e6 8. Bd2 Be7 9. Nh4 Bg6 10. Nxg6 hxg6 11. Rc1 Nc6 12. Be2 0-0 13. 0-0 a6 14. a3 Rfc8 15. Qd1 b5 16. b4 Qd8 17. Qb3 Nd7 18. a4 Nxb4 19. axb5 a5 20. Na4 Bd6 21. g3 g5 22. Qb1 f5 23. f3 Rxc1 24. Rxc1 Qb8 25. Kg2 Kf7 26. Nc5 Nf8 27. e4 dxe4 28. fxe4 Bxc5 29. dxc5 Qe5 30. Bxg5 fxe4 31. Bf4 Qd5 32. Bc4 Qf5 33. Rf1 Kg8 34. Bd6 Qg4 35. Rf4 Qh5 36. Qxe4 Nd5 37. Rxf8+ Rxf8 38. Qxe6+ Rf7 1-0

[Event "Holguin Regional-ch sf"]
[Site "Holguin"]
[Date "2023.10.11"]
[Round "1"]
[White "Rodriguez Laguna, Alexis"]
[Black "Gomez Torres, Richard Daniel"]
[Result "1/2-1/2"]
[WhiteElo "2019"]
[BlackElo "2200"]
[PlyCount "122"]
[EventDate "2023.10.11"]
[EventType "swiss"]
[EventRounds "7"]
[EventCountry "CUB"]
[SourceTitle "CBM 216 Extra"]
[Source "ChessBase"]
[SourceDate "2023.11.30"]
[SourceVersion "1"]
[SourceVersionDate "2023.11.30"]
[SourceQuality "1"]

1. e4 c5 2. Nf3 e6 3. c3 d5 4. exd5 exd5 5. d4 Nc6 6. Be2 c4 7. 0-0 Nf6 8. b3 cxb3 9. axb3 Be7 10. Nbd2 0-0 11. Re1 Bf5 12. Bb2 h6 13. Bb5 Bd6 14. Ba3 Bxa3 15. Rxa3 Qb6 16. Bxc6 Qxc6 17. Qa1 a6 18. Ne5 Qd6 19. c4 dxc4 20. bxc4 Rad8 21. Ndf3 Be4 22. Rae3 Bf5 23. Qb2 Rb8 24. Rb3 b5 25. cxb5 Be6 26. Rc3 axb5 27. Rc6 Qd8 28. Rxe6 fxe6 29. Nc6 Qd5 30. Nxb8 Rxb8 31. Qe2 Rb6 32. Qe5 Qxe5 33. Nxe5 Rd6 34. Nf3 Nd5 35. Rb1 b4 36. g3 Rb6 37. Kf1 b3 38. Rb2 Rb4 39. Ke1 Nc3 40. Nd2 Rxd4 41. Rxb3 Rd3 42. Ra3 e5 43. Ra1 Rd8 44. Nc4 e4 45. Rc1 Na2 46. Rd1 Re8 47. Nd6 Re6 48. Rd4 e3 49. f3 Nc1 50. Rd1 Nb3 51. Ke2 Nd2 52. Nf5 Rf6 53. g4 g6 54. Ne7+ Kg7 55. Nd5 Rf7 56. f4 Nc4 57. Rd4 Rd7 58. Rxc4 Rxd5 59. Kxe3 h5 60. h3 hxg4 61. hxg4 Rd1 1/2-1/2

[Event "Adelquis Remon Memorial-C"]
[Site "Holguin"]
[Date "2018.12.01"]
[Round "3.3"]
[White "Bonet Molina, Ariel"]
[Black "Gomez Torres, Richard Daniel"]
[Result "0-1"]
[WhiteElo "2133"]
[BlackElo "2175"]
[PlyCount "72"]
[EventDate "2018.11.30"]
[EventType "tourn"]
[EventRounds "10"]
[EventCountry "CUB"]
[SourceTitle "EXT 2023"]
[Source "ChessBase"]
[SourceDate "2022.10.05"]
[SourceVersion "1"]
[SourceVersionDate "2022.10.05"]
[SourceQuality "1"]

1. d4 Nf6 2. Nf3 e6 3. g3 b6 4. Bg2 Bb4+ 5. c3 Be7 6. e4 Nxe4 7. Nfd2 Nxd2 8. Bxa8 Nxb1 9. Be4 Nxc3 10. bxc3 0-0 11. 0-0 d5 12. Bd3 c5 13. Qc2 h6 14. Qa4 a6 15. Bb1 Bd6 16. c4 cxd4 17. cxd5 e5 18. Ba3 Bxa3 19. Qxa3 Bb7 20. Re1 Re8 21. d6 Nd7 22. Bf5 Nc5 23. d7 Re7 24. Rab1 g6 25. Rxb6 Qxb6 26. Rb1 Qd8 27. Qxc5 gxf5 28. Rxb7 Rxd7 29. Qxe5 d3 30. Rxd7 Qxd7 31. Qb8+ Kh7 32. Qb1 d2 33. Qd1 Qd3 34. h4 Qc3 35. Qh5 Kg7 36. Kh2 Qd4 0-1

[Event "Adelquis Remon Memorial-C"]
[Site "Holguin"]
[Date "2017.11.02"]
[Round "2.2"]
[White "Paneque, Pedro"]
[Black "Gomez Torres, Richard Daniel"]
[Result "1/2-1/2"]
[WhiteElo "2292"]
[BlackElo "2182"]
[PlyCount "28"]
[EventDate "2017.11.02"]
[EventType "tourn"]
[EventRounds "10"]
[EventCountry "CUB"]
[SourceTitle "EXT 2023"]
[Source "ChessBase"]
[SourceDate "2022.10.05"]
[SourceVersion "1"]
[SourceVersionDate "2022.10.05"]
[SourceQuality "1"]

1. e4 c6 2. d4 d5 3. Nc3 dxe4 4. Nxe4 Nd7 5. Nf3 Ngf6 6. Nxf6+ Nxf6 7. Bc4 e6 8. 0-0 Be7 9. c3 0-0 10. h3 b6 11. Bf4 Bb7 12. Qc2 Rc8 13. Rad1 Bd6 14. Bxd6 Qxd6 1/2-1/2

[Event "Capablanca Memorial op-B 45th"]
[Site "Havana"]
[Date "2011.05.11"]
[Round "1"]
[White "Gomez Torres, Richard Daniel"]
[Black "Gonzalez Ochoa, Yoana"]
[Result "1-0"]
[WhiteElo "2151"]
[BlackElo "2053"]
[PlyCount "53"]
[EventDate "2011.05.11"]
[EventType "swiss"]
[EventRounds "7"]
[EventCountry "CUB"]
[SourceTitle "CBM 142 Extra"]
[Source "ChessBase"]
[SourceDate "2011.06.27"]
[SourceVersion "1"]
[SourceVersionDate "2011.06.27"]
[SourceQuality "1"]

1. e4 e5 2. Nf3 Nc6 3. Bb5 a6 4. Ba4 Nf6 5. 0-0 b5 6. Bb3 Be7 7. Re1 d6 8. c3 0-0 9. h3 Na5 10. Bc2 c5 11. d4 Qc7 12. dxe5 dxe5 13. Nbd2 c4 14. Nf1 Nb7 15. Ne3 Rd8 16. Nd5 Nxd5 17. exd5 Bd6 18. Qe2 Re8 19. Ng5 f5 20. Qh5 g6 21. Qh4 Qg7 22. Nf3 Be7 23. Bg5 Bxg5 24. Qxg5 Nc5 25. Rxe5 Rxe5 26. Qd8+ Kf7 27. Ng5# 1-0